[Event "42nd Arco Festival 2020"]
[Site "Arco"]
[Date "2020.10.18"]
[Round "9.17"]
[White "Bergero, Simone"]
[Black "Kierzek, Matthias"]
[Result "1/2-1/2"]
[WhiteElo "1961"]
[BlackElo "2256"]
[Annotator "TA"]
[PlyCount "36"]
[EventDate "2020.10.10"]
[EventType "swiss"]
[EventCountry "ITA"]
[SourceTitle "playchess.com"]
[Source "ChessBase"]
[SourceQuality "1"]

{[%evp 16,36,-29,-23,-37,-10,-14,-31,-32,-28,-22,-32,0,7,15,0,185,164,188,193,175,135,116]} 1. e4 c6 2. d4 d5 3. e5 Bf5 4. Nc3 e6 5. g4 Bg6 6. Nge2 c5 7. h4 h5 8. Nf4 Bh7 9. Nxh5 Nc6 {B12: Caro-Kann: Advance Variation.} 10. dxc5 Bxc5 11. Nxg7+ Kf8 {Black is slightly better.} 12. Nh5 d4 {[#] Hoping for ...Nb4.} 13. Nb5 ({Don't blunder} 13. Bg5 $2 Qa5 $19) 13... Qd5 14. Rh3 {[#]} Qxe5+ $146 (14... a6 $5 15. Na3 $8 Nxe5 $11) ({Predecessor:} 14... a6 15. Na3 Nxe5 16. Nf4 Qe4+ 17. Qe2 Rc8 18. Nd3 Bxa3 19. Qxe4 Bxe4 20. Nxe5 Bb4+ {½-½ (31) Bergmann,M (2427)-Wolf,K (2476) ICCF email 2010}) 15. Be2 Nb4 $2 ({Of course not} 15... d3 $6 16. cxd3 Rd8 17. Nc3 $16) (15... Rd8 $11 16. Kf1 Be7) 16. Bf4 $18 {White is clearly better.} Qe4 {[#] ...e5 is the strong threat.} 17. Kf1 {And now Qd2 would win.} Bg6 {White must now prevent ...Bxh5.} 18. Bf3 Qxc2 1/2-1/2

[Event "42nd Arco Festival 2020"]
[Site "Arco"]
[Date "2020.10.18"]
[Round "9.18"]
[White "Lezzerini, Marco"]
[Black "Kostov, Kiril"]
[Result "0-1"]
[WhiteElo "2122"]
[BlackElo "1894"]
[Annotator "TA"]
[PlyCount "108"]
[EventDate "2020.10.10"]
[EventType "swiss"]
[EventCountry "ITA"]
[SourceTitle "playchess.com"]
[Source "ChessBase"]
[SourceQuality "1"]

{[%evp 19,108,31,38,28,66,-7,-7,0,0,0,85,66,71,0,54,60,43,9,16,0,0,-93,0,0,0,0,0,-73,60,62,50,-177,-166,-191,-216,-167,-158,-172,-129,-207,-160,-227,-218,-204,-21,-114,-101,-78,-14,-79,-26,-25,0,0,0,0,18,18,16,14,18,16,19,18,70,22,205,191,181,26,26,16,16,16,184,182,175,22,20,0,8,0,0,0,29,0,8,0,0,-29986,-29986]} 1. d4 d5 2. c4 e6 3. Nc3 Nf6 4. cxd5 exd5 5. Bg5 c6 6. e3 Be7 7. Qc2 Nbd7 8. Bd3 Nh5 9. Bxe7 Qxe7 10. O-O-O g6 11. h3 {[#] D36: Queen's Gambit Declined: Exchange Variation: Main line (5 Bg5 c6 6 Qc2).} b5 $146 {[#]} ({Predecessor:} 11... Nb6 12. Nf3 Be6 13. Kb1 Nf6 14. Rc1 Nfd7 15. Ka1 O-O-O 16. Na4 Nxa4 17. Qxa4 Kb8 18. Rc3 Nb6 19. Qa5 f6 20. Nd2 {½-½ (45) Johannessen,L (2517)-Meister,P (2390) Sitges 2015}) 12. Bxb5 $1 {[%mdl 512]} cxb5 $11 13. Nxd5 {The position is equal.} Qd6 $1 {[%cal Rd6d5]} 14. Nc7+ {[%mdl 64] Double Attack} Kd8 (14... Ke7 $1 $11 15. Qe4+ {[%mdl 64] Double Attack} (15. Nxa8 $2 Bb7 $17) 15... Kd8 16. Nxa8 Nhf6) 15. Nxa8 $16 Bb7 {Strongly threatening ...Ke7.} 16. Nf3 (16. d5 $16) 16... Ke7 ({Black should try} 16... Nhf6 $11) 17. Kb1 $1 $14 Rxa8 18. d5 Rc8 19. Qe4+ Kf8 20. Rc1 (20. Qd4 $11) 20... Nhf6 (20... Rxc1+ $17 21. Rxc1 Bxd5) 21. Rxc8+ $11 Bxc8 22. Qd4 Qxd5 23. Qxa7 (23. Qxd5 $11 Nxd5 24. Rc1) 23... Kg7 (23... Bb7 $17 24. Ka1 Ne4) 24. Rc1 $14 Bb7 25. Qd4 $2 (25. Ne1 $1 $14 {was forced to keep a grip.}) 25... Qf5+ $19 26. Ka1 Bxf3 27. gxf3 Qxf3 28. e4 Qf4 {[%cal Rf4c1]} 29. Rd1 (29. Re1 $17) 29... Ne5 30. Qe3 (30. a3 $17) 30... Qxe3 $1 (30... Qxe4 31. Qxe4 Nxe4 32. Rd5 $11) 31. fxe3 Nc4 $2 (31... Nxe4 $19 32. Rd5 Nc4 33. Rxb5 g5) 32. e5 (32. b3 $1 $11 Nxe3 33. Rd3 Nc2+ 34. Kb2) 32... Nxe5 $17 33. b3 Ned7 (33... b4 $17 {Hoping for ...g5.} 34. Rd4 g5 35. Rxb4 h5) 34. Rd4 (34. Kb2 $11 {keeps the balance.}) 34... Kf8 ({Better is} 34... h5 $17) 35. Rb4 $11 Nd5 36. Rxb5 Nxe3 37. a4 $1 {[%cal Ra4a5]} Ke7 {Threatens to win with ...f5.} 38. a5 Kd6 {...Kc6 is the strong threat.} 39. a6 {And now a7 would win.} Nd5 {[#]} 40. Rb8 $1 {[%mdl 512]} f5 (40... Nxb8 $2 {loses.} 41. a7 $18) 41. a7 N5b6 ({Black should play} 41... N7b6 $1 $11) 42. Kb2 f4 $2 {[#]} (42... g5 $1 $11 {and Black stays safe.}) 43. Kc2 $1 $18 g5 44. Kd2 $2 (44. Rg8 $18) 44... h5 $11 45. a8=Q Nxa8 46. Rxa8 {[%mdl 4096] Endgame KR-KN} Nc5 $2 (46... g4 $11 {and Black is okay.}) 47. b4 $18 Ne4+ {[#]} 48. Ke2 $2 (48. Ke1 $1 $18) 48... g4 $11 49. h4 f3+ 50. Kf1 g3 {aiming for ...Nd2+.} 51. Rd8+ Kc6 52. Rd1 (52. Rd3 $5 {[%cal Rf1g1]} Kb5 53. Kg1 (53. Rxf3 Nd2+ {[%mdl 64] Double Attack} 54. Kg2 Nxf3 $11) 53... f2+ 54. Kg2 $16) 52... Kb5 (52... Nf2 $5 53. b5+ $8 Kc5 54. Rc1+ Kxb5 $11) 53. Rd5+ Kc4 54. Rxh5 $2 {[%mdl 8192]} (54. Rd8 $11) 54... Nd2+ {Both players deserved the win here. Av CentiPawn Loss W=-54/B=-29. Weighted=-53/-35} 0-1